MDQL
is popping MORE tags! Check the
thread
!
Quizzes
Events
Quiz Creation
Community
Videos
Private Events
Remove Ads
Sign In
Join for FREE
Feedback
Dark Mode
Quiz Categories
Sports
Geography
Music
Movies
Television
Just For Fun
Miscellaneous
History
Literature
Language
Science
Gaming
Entertainment
Religion
Holiday
For Kids
Quiz Lab
Recent
Popular Today
Quiz Kudos Today
Editor Picks
Curator Picks
Quizzes by...
Day
Popularity
Type
Ratings
Length
Year
Community
Subscriptions
Recent Discussions
Orange Saloon
Badges
Playlists
Quests
Create
Leaderboards
Showdown
Live 5
Trivia Bingo
Activity
Puzzle Library
Sporcle Events
Private Events
Virtual Trivia
Globe League
Become a Host
Pub Owners
SporcleCon
Opinionation
Our Games
Videos
Blog
Mobile Apps
Partnerships
Remove Ads and Go Orange
Feedback
Geography
Country
Landmarks
City
State
Population
World
Capital
Continent
Flags
Europe
Africa
Asia
South America
North America
Oceania
Border
Canada
United Kingdom
Topography
United States
Geography
Country
Landmarks
City
State
Population
World
Capital
Continent
Flags
Europe
Africa
Asia
South America
North America
Oceania
Border
Canada
United Kingdom
Topography
United States
Random Quiz
Search Sporcle
×
Quiz Lab
Quiz Lab
Geography
Flags
Type in answers that appear in a list
Type in answers that appear in a list
Classic
Best Score? Go Orange.
World Flags with a... Stats
Can you name the countries that have the given object on their flag?
By
crigs71
10m
77 Questions
672 Plays
672 Plays
672 Plays
Comments
Comments
Give Quiz Kudos
Give Quiz Kudos
-
- Ratings
hide this ad
Replay
Link that replays current quiz
Next Quiz
Link to next quiz in quiz playlist
You Got
0%
They Got
Avg Score
60%
Avg Friend Score
Upgrade to see
Score Distribution
Jump to the score distribution portion of the page
Score
0/77
Timer
10:00
0
Plays Today
Object
Country
% Correct
Single Star
Turkey
85%
Moon
Turkey
85%
Dragon
Bhutan
81.7%
Trident
Barbados
77.4%
Lion
Sri Lanka
76.6%
Moon
Pakistan
75.1%
Single Star
Vietnam
75%
Single Star
Pakistan
75%
Moon
Tunisia
74%
Single Star
Tunisia
73.8%
Single Star
Algeria
73.7%
Moon
Algeria
73.5%
Single Star
Morocco
70.5%
Bird
Mexico
68.9%
Crown
Liechtenstein
68.6%
Single Star
Somalia
68.5%
Face
Argentina
67.7%
Single Star
Ghana
67.6%
Single Star
Cameroon
66.4%
Moon
Mauritania
65.8%
Single Star
Mauritania
65.6%
Moon
Uzbekistan
64.3%
Moon
Turkmenistan
63.8%
Single Star
Chile
63.7%
Bird
Kazakhstan
63.5%
Single Star
Senegal
63.1%
Bird
Dominica
62.5%
Bird
Egypt
62.2%
Single Star
Azerbaijan
62.1%
Single Star
Zimbabwe
62.1%
Bird
Zimbabwe
62.1%
Single Star
Jordan
61.9%
Moon
Azerbaijan
61.9%
Crown
Spain
61.2%
Moon
Singapore
60.9%
Single Star
Israel
60.6%
Face
Belize
60.1%
Moon
Malaysia
59.7%
Single Star
Cuba
59.5%
Object
Country
% Correct
Bird
Albania
59.4%
Crown
Vatican City
58.6%
Single Star
Liberia
58.3%
Moon
Nepal
57.3%
Bird
Uganda
57.1%
Moon
Comoros
57.1%
Crown
Tajikistan
56.7%
Bird
Guatemala
56.5%
Bird
Zambia
56.5%
Bird
Ecuador
56.4%
Face
Ecuador
56.4%
Bird
Moldova
55.8%
Lion
Fiji
55.7%
Bird
Fiji
55.4%
Bird
Serbia
54.9%
Single Star
Angola
54.8%
Single Star
Guinea-Bissau
54.8%
Moon
Maldives
54.5%
Single Star
Djibouti
54.2%
Single Star
Mozambique
54%
Bird
Kiribati
54%
Bird
Bolivia
53.9%
Single Star
North Korea
53.4%
Single Star
Paraguay
53.3%
Crown
San Marino
52.4%
Face
Uruguay
52.4%
Bird
Papua New Guinea
51.9%
Single Star
Togo
51.3%
Single Star
Suriname
50.6%
Bird
Montenegro
50.6%
Single Star
Central African Republic
50.3%
Moon
Croatia
50.3%
Single Star
Burkina Faso
49.6%
Moon
Brunei
48.7%
Single Star
Ethiopia
48.4%
Crown
Serbia
41.7%
Single Star
Democratic Republic of Congo
40.9%
Single Star
Nauru
39.7%
Quiz Playlist
Details
Report
Send in Message
Add To Playlist
Classic:
Type in answers that appear in a list
Last Updated: Feb 16, 2017
Quiz Scoreboard
CHALLENGE
Sign Up to Join the Scoreboard
Show All
Scores
Hide
Comments
May contain spoilers
Recently Published
Colored Red Africa Blitz
by spor1
Geography
30s
Find the 'City' Movie
by crazypaving
Movies
60s
5x2 Blitz: Bands
by SL_Kpop136
Music
30s
More to Explore
Quiz From the Vault
Featured Blog Post
14 Easter Pick-up Lines to Find Eggs With
hide this ad
You Might Also Like...
Tags
Country Quiz
Flags Quiz
World Quiz
object
Today's Top Quizzes in Geography
Browse Geography
hide this ad
Today's Top Quizzes in Flags
Browse Flags
Top Contributed Quizzes in Geography
1
Countries of the World - No Outlines Minefield
2
Colored Red Europe Blitz I
3
Colored Red Africa Blitz II
4
Colored Red Europe Blitz II
5
Colored Red Africa Blitz III
6
Colored Red Europe Blitz III
7
African Flag Reveal XLVI
8
Colored Red States Blitz I
9
Colored Red States Blitz II
10
Colored Red States Blitz III
Explore More
Trending Topics
NBA
Crossword
Anime
Marvel
Disney
Kpop
Harry Potter
WWE
Pokémon
Country
Song
Puzzle
NFL
The Office
Soccer
hide this ad
More By:
crigs71
Quiz
Plays
Rating
Category
Featured
Created
'MAL' Countries
773
4.44
Geography
Mar 21, 2011
World Flags with a...
672
3.33
Geography
Mar 20, 2011
Geography: Yours, Mine, or Ours?
648
4.40
Geography
Apr 20, 2011
Ancient Empire by Founder
631
2.86
History
Mar 2, 2011
Irresponsible Countries
365
4.54
Geography
Apr 1, 2011
Go to Creator's Profile
Score Distribution
Quiz Creator Spotlight
crigs71
Follow
Send a Message
Quizzes Created
-
Created Quiz Play Count
-
More By This Creator
Popular Quizzes Today
1
Colored Red Africa Blitz
2
Find the 'City' Movie
3
Find the US States - No Outlines Minefield
4
5x2 Blitz: Bands
5
The Countries of the World
6
Find the US States
7
US States
8
9x9 Crossword: Cartoon Network
More Geography Quizzes
Oman 10-to-1
Quiz Lab
Trending Quizzes
Colored Red Europe Blitz I
Colored Red Europe Blitz II
Colored Red Africa Blitz II
Colored Red Africa Blitz III
Colored Red Europe Blitz III
Recently Updated
Grab Bag: 4-10 Letters
pecheneg
2024 March Madness Bracket
pecheneg
Famous TV Couples
Peacemaker
Champions League XIs: Real Madrid
pecheneg
Largest US Cities 1790-2010
pecheneg
Rides in Walt Disney World
pecheneg
Most Oscar Losses (Acting)
pecheneg
Beyoncé Albums
pecheneg
Leaping Animals
pecheneg
Reality TV Shows (A-Z)
bhenderson79
Trending Topics
Disney
Marvel
Anime
Harry Potter
Crossword
NBA
Kpop
The Office
NFL
Puzzle
WWE
Song
Pokémon
Country
Soccer
Your Account Isn't Verified!
In order to create a playlist on Sporcle, you need to verify the email address you used during registration. Go to your
Sporcle Settings
to finish the process.
Report this User
Report this user for behavior that violates our
Community Guidelines
.
Details:
Send Report
Go to the Sporcle.com Mobile Site →
Comments